000 00517nam a2200181Ia 4500
003 GCL
008 140319s9999 xx 000 0 ara d
040 _aGCL /
_cGCL
082 0 4 _a810.9
_bا ف
100 1 _aالسعيد الورقى
245 1 0 _aفى مصادر التراث العربى /
_cالسعيد الورقى
260 _a[S.N] :
_bدار المعرفة الجامعية ،
_c1990
300 _a243 ص
490 _a
650 0 4 _aالادب العربى
650 0 4 _aتاريخ
942 _2ddc
_cBK
999 _c40156
_d40156